ბათუმის შოთა რუსთაველის სახელმწიფო უნივერსიტეტის ბიბლიოთეკა

ავტომშენებლობის ტექნოლოგიის საფუძვლები : (ბიბ.ჩანაწერი № 39613)

000 -ლიდერი
ფიქსირებული სიგრძის საკონტროლო ველი 00964nam a2200217Ia 4500
001 - საკონტროლო ნომერი
საკონტროლო ველი 6213
003 - საკონტროლო ნომრის იდენტიფიკატორი
საკონტროლო ველი GE_BSU
005 - ბოლო ოპერაციის თარიღი და დრო
საკონტროლო ველი 20190528154647.0
008 - ფიქსირებული სიგრძის მონაცემთა ელემენტები - ზოგადი ინფორმაცია
ფიქსირებული სიგრძის საკონტროლო ველი 181216s1985||||ge |||||||||||||| ||geo||
040 ## - კატალოგიზაციის წყარო
Transcribing agency GE_BSU
041 ## - ენის კოდი
Language code of text/sound track or separate title geo
080 ## - უნივერსალური ათობითი კლასიფიკაციის ინდექსი
Universal Decimal Classification number 629.113/115 ე-20
100 ## - მთავარი ჩანაწერი - პიროვნების სახელი
Personal name ედილაშვილი, მ.
9 (RLIN) 718
245 ## - ცნობა სათაურის შესახებ
Title ავტომშენებლობის ტექნოლოგიის საფუძვლები :
Remainder of title სახელმძღვ. /
Statement of responsibility, etc მ. ედილაშვილი ; რედ. ნ. მელიქიშვილი.
264 ## - წარმოების, გამოცემის, დისტრიბუციის და სხვა ცნობები
გამოცემის, წარმოების, დისტრიბუციის... ადგილი თბილისი :
გამოცემის, წარმოების, დისტრიბუციის... სახელწოდება განათლება,
გამოცემის, წარმოების, დისტრიბუციის... თარიღი 1985.
300 ## - ფიზიკური აღწერა
Extent 144 გვ. :
Other physical details ნახაზ. ;
Dimensions 20 სმ.
501 ## - შენიშვნა თანმხლებ მასალაზე
With note ბიბლიოგრ. : გვ.142
653 ## - INDEX TERM--UNCONTROLLED
Uncontrolled term ავტომშენებლობის ტექნოლოგია
700 ## - ADDED ENTRY--PERSONAL NAME
Personal name მელიქიშვილი, ნ.
Relator term რედაქტორი
9 (RLIN) 1730
942 ## - ADDED ENTRY ELEMENTS (KOHA)
Koha item type წიგნი
Source of classification or shelving scheme
ეგზემპლარები
ჩამოწერის სტატუსი დაკარგული ეგზემპლარის სტატუსი კლასიფიკაციის წყარო ან თაროზე გაწყობის სქემა დაზიანების სტატუსი არ გაიცემა მუდმივი მდებარეობა (დაცვის ადგილი) ამჟამინდელი ადგილსამყოფელი თაროზე განთავსების ადგილი შეძენის თარიღი ღირებულება, შესყიდვის ნორმალური ფასი სრული შენახვის შიფრი შტრიხკოდი ბოლო ოპერაციის თარიღი ეგზემპლარის მიმდევრობითი ნომერი (კეტერი?) ფასის ძალაში შესვლის თარიღი ეგზემპლარის სახეობა საჯარო შენიშვნა
          ტექნოლოგიური ფაკულტეტის ბიბლიოთეკა ტექნოლოგიური ფაკულტეტის ბიბლიოთეკა წიგნსაცავი 2018-12-17 0.50 629.113/115 ე-20 11985 2018-12-17 11985 2018-12-17 წიგნი 0.50 ლ.
          ტექნოლოგიური ფაკულტეტის ბიბლიოთეკა ტექნოლოგიური ფაკულტეტის ბიბლიოთეკა წიგნსაცავი 2018-12-17 0.50 629.113/115 ე-20 11986 2018-12-17 11986 2018-12-17 წიგნი 0.50 ლ.